Statistics for ATP Rankings

Click here to take the quiz!

General Stats

  • This quiz has been taken 33 times
  • The average score is 15 of 20

Answer Stats

RankNationalityPerson% Correct
1Great BritainAndy Murray
97%
2SerbiaNovak Djokovic
97%
6SwitzerlandRoger Federer
97%
3SwitzerlandStanislas Wawrinka
97%
4JapanKei Nishikori
91%
7SpainRafael Nadal
91%
9CroatiaMarin Cilic
88%
5CanadaMilos Raonic
85%
11FranceGael Monfils
82%
10FranceJo-Wilfred Tsonga
82%
12BelgiumDavid Goffin
79%
13BulgariaGrigor Dimitrov
73%
14Czech RepublicTomas Berdych
73%
16AustraliaNick Kyrgios
70%
20GermanyAlexander Zverev
61%
15FranceLucas Pouille
58%
19SpainPablo Carreno Busta
58%
18SpainRobert Bautista Agut
58%
17USAJack Sock
36%
8AustriaDominic Theim
27%

Score Distribution

Percentile by Number Answered

Percent of People with Each Score

Your Score History

You have not taken this quiz